Cargando...
Godan /
| Autor Principal: | |
|---|---|
| Formato: | Printed Book |
| Idioma: | Hindi |
| Publicado: |
Saraswati Press ,
1973.
|
| Subjects: |
| LEADER | 00449nam a2200145Ia 4500 | ||
|---|---|---|---|
| 008 | 150624b xxu||||| |||| 00| p hin d | ||
| 082 | |a 861.423 | ||
| 100 | |a Premchand | ||
| 245 | |c Premchand |a Godan / | ||
| 260 | |b Saraswati Press , |c 1973. | ||
| 546 | |a In Hindi. | ||
| 650 | |v Poetry | ||
| 942 | |c BK | ||
| 999 | |c 90278 |d 90278 | ||
| 952 | |0 0 |1 0 |4 0 |6 861_423000000000000_SAK |7 0 |9 90220 |a UL |b UL |c ST2 |d 1998-09-15 |l 1 |o 861.423 SAK |p 29423 |r 2019-03-06 |s 2019-01-31 |w 2012-10-27 |y BK | ||